MARC details
| 000 -CABECERA |
| campo de control de longitud fija |
02780nab a2200289 a 4500 |
| 005 - FECHA Y HORA DE LA ÚLTIMA TRANSACCIÓN |
| campo de control |
20250918103616.0 |
| 008 - ELEMENTOS DE LONGITUD FIJA--INFORMACIÓN GENERAL |
| campo de control de longitud fija |
991125c2017 sp tr p o 000 0 spa d |
| 035 ## - NÚMERO DE CONTROL DEL SISTEMA |
| Número de control de sistema |
UPN01000219125 |
| 040 ## - FUENTE DE LA CATALOGACIÓN |
| Centro catalogador/agencia de origen |
UPN |
| Lengua de catalogación |
spa |
| Centro/agencia transcriptor |
UPN |
| Normas de descripción |
aacr2 |
| 049 ## - COLECCIÓN |
| Colección |
ART-E |
| 100 1# - ASIENTO PRINCIPAL--NOMBRE PERSONAL |
| Nombre de persona |
Castro Barea, Josefa |
| Enlace |
- jcastrobarea@yahoo.es |
| 100 1# - ASIENTO PRINCIPAL--NOMBRE PERSONAL |
| Nombre de persona |
Castro Zamudio, Serafina |
| 245 10 - MENCIÓN DE TÍTULO |
| Título |
Consumo de tabaco en población escolarizada y su relación con los trastornos de la conducta alimentaria |
| Medio |
[recurso electrónico en línea] |
| 506 0# - NOTA DE RESTRICCIONES AL ACCESO |
| Limitaciones de acceso |
Acceso abierto |
| 520 3# - NOTA DE RESUMEN, ETC. |
| Sumario, etc. |
Hay estudios que avalan una relación significativa entre el riesgo de padecer un Trastorno de la Conducta Alimentaria (TCA) y el consumo de tabaco como medida de control del apetito. El objetivo de este estudio es analizar la asociación entre el consumo de tabaco y actitudes y comportamientos presentes en la anorexia y bulimia nerviosas. El diseño del estudio es observacional analítico de casos y controles. La muestra estuvo constituida por 300 participantes de ambos sexos, de entre 12 y 20 años de edad, que respondieron a los siguientes instrumentos de evaluación: EAT-26, EDI-II, BULIT-R y un cuestionario adaptado sobre comportamientos, actitudes y opiniones hacia el tabaco. Se categorizaron las variables cuantitativas continuas y se agruparon a los participantes en grupos sintomáticos y asintomáticos. En el grupo sintomático, se constató que en la variable “haber fumado diariamente, al menos un cigarrillo, durante seis o más meses en la vida” se obtuvo una diferencia estadísticamente significativa χ² (1, N = 300) = 7.536, p< .01, y de magnitud baja (V = .159), en el EAT-26. Para el BULIT-R en esta misma variable se alcanzó una diferencia estadísticamente significativa χ²(1, N = 300) = 8.740, p< .01, y de magnitud baja (V= .171). Para la variable “consumo diario actual de cigarrillos” se alcanzó una diferencia estadísticamente significativa χ² (2, N = 300) = 15.561, p< .01, y de magnitud baja (V = .228), en el EAT-26. Para el BULIT-R en esta misma variable se obtuvo una diferencia estadísticamente significativa χ² (2, N = 300) = 6.237, p< .05, y de magnitud baja (V = .144). Los resultados constatan la relación existente entre el consumo de tabaco y grupos sintomáticos afines a los TCA. |
| 650 #0 - ASIENTO SECUNDARIO DE MATERIA - TERMINO TEMATICO |
| 9 (RLIN) |
1014 |
| Término de materia o nombre geográfico como elemento de entrada |
Adolescentes |
| 650 #2 - ASIENTO SECUNDARIO DE MATERIA - TERMINO TEMATICO |
| Término de materia o nombre geográfico como elemento de entrada |
Anorexia nerviosa |
| 9 (RLIN) |
4748 |
| 650 #2 - ASIENTO SECUNDARIO DE MATERIA - TERMINO TEMATICO |
| Término de materia o nombre geográfico como elemento de entrada |
Bulimia |
| 9 (RLIN) |
9416 |
| 650 #4 - ASIENTO SECUNDARIO DE MATERIA - TERMINO TEMATICO |
| 9 (RLIN) |
13566 |
| Término de materia o nombre geográfico como elemento de entrada |
Trastornos alimenticios |
| 653 0# - TERMINO DE INDIZACION - NO CONTROLADO |
| Término no controlado |
Consumo de tabaco |
| 773 ## - ENLACE AL DOCUMENTO FUENTE/ENTRADA DE REGISTRO ANFITRIÓN |
| Parte(s) relacionada(s) |
Vol. 10, no. 1 (2017), p. 41-50 |
| Título |
Escritos de psicología |
| Número Internacional Normalizado para Publicaciones Seriadas |
1989-3809 |
| 856 4# - LOCALIZACIÓN Y ACCESO ELECTRÓNICOS |
| Identificador Uniforme del Recurso |
<a href="https://revistas.uma.es/index.php/espsi/article/view/13190">https://revistas.uma.es/index.php/espsi/article/view/13190</a> |
| 856 4# - LOCALIZACIÓN Y ACCESO ELECTRÓNICOS |
| Identificador Uniforme del Recurso |
<a href="https://doi.org/10.24310/espsiescpsi.v10i1.13190">https://doi.org/10.24310/espsiescpsi.v10i1.13190</a> |
| 902 ## - ELEMENTOS DE DATOS B LOCAL, LDB (RLIN) |
| Creó |
Gloria Jiménez/0824 |
| 905 ## - TIPO DE MATERIAL |
| Tipo de material |
Articulo |
| 942 ## - ELEMENTOS DE PUNTO DE ACCESO ADICIONAL (KOHA) |
| Tipo de ítem Koha |
Artículo Electrónico |